000 00652nam a2200193 i 4500
001 73026
003 ES-MaACL
005 20250807075817.0
007 t|
008 040906s1967 sp ||||1| spa d
100 1 _aGoldmann, Lucien.
_957672
245 1 0 _aPara uns sociología de la novela /
_cLucien Goldmann ; [traducción de de la edición corregida y aumentada, Jaime Ballesteros y Gregorio Ortiz].
260 _aMadrid :
_bCiencia Nueva,
_c[1967]
300 _a240 p. :
_bretr. aut. ;
_c22 cm.
700 1 _aBallesteros, Jaime
_925034
700 1 _aOrtiz, Gregorio.
_987559
852 _aES-MaACL
_jC-33756
_bR.64438
999 _c73026
_d73026